00470 2200181 4500001002100000005001500021035002000036008004100056245005100097100001900148260003200167300001200199084001400211082000800225020002200233650001500255990001800270INLIS00000000000039520240813095138 a0010-0724000395240813 0 ind 1 aPsikologi Eksperimen /cTim Armandelta Selaras aTim Armandelta aJakarta :bPT Indeks,c2005 a199 hlm a001 SEN p a001 a978-979-26-7181-0 4aKarya Umum aP29/CP/24/395